MARC details
| 000 -CABECERA |
| campo de control de longitud fija |
02088cam a22004577a 4500 |
| 003 - IDENTIFICADOR DEL NÚMERO DE CONTROL |
| campo de control |
CHAP |
| 005 - FECHA Y HORA DE LA ÚLTIMA TRANSACCIÓN |
| campo de control |
20240430114619.0 |
| 008 - DATOS DE LONGITUD FIJA--INFORMACIÓN GENERAL |
| campo de control de longitud fija |
050526d2000 es r 00110 spa d |
| 010 ## - NÚMERO DE CONTROL DE LA BIBLIOTECA DEL CONGRESO |
| Número de control de LC |
90343 |
| 011 ## - ENLACE DEL NUMERO DE CONTROL DE LA BIBLIOTECA DEL CONGRESO [OBSOLETO] |
| Número de control de LC |
91315 |
| 020 ## - NÚMERO INTERNACIONAL ESTÁNDAR DEL LIBRO |
| Número Internacional Estándar del Libro |
8441509743 |
| 035 ## - NÚMERO DE CONTROL DEL SISTEMA |
| Número de control de sistema |
101873 |
| 040 ## - FUENTE DE LA CATALOGACIÓN |
| Centro/agencia transcriptor |
CHAP |
| 082 04 - NÚMERO DE LA CLASIFICACIÓN DECIMAL DEWEY |
| Número de clasificación |
001.6424 |
| Número de documento/Ítem |
G3 |
| 100 00 - ENTRADA PRINCIPAL--NOMBRE DE PERSONA |
| Nombre de persona |
García, Purificación. |
| 9 (RLIN) |
46805 |
| 245 10 - MENCIÓN DE TÍTULO |
| Título |
Modelos económicos y financieros con Excel 2000 |
| Mención de responsabilidad, etc. |
/por Purificación García y Kiko Rial |
| 260 ## - PUBLICACIÓN, DISTRIBUCIÓN, ETC. |
| Lugar de publicación, distribución, etc. |
Madrid : |
| Nombre del editor, distribuidor, etc. |
Anaya multimedia, |
| Fecha de publicación, distribución, etc. |
2000. |
| 300 ## - DESCRIPCIÓN FÍSICA |
| Extensión |
287 p. |
| Otras características físicas |
+ 1 disco compacto 4 3/4 plgs. |
| 490 #0 - MENCIÓN DE SERIE |
| Mención de serie |
Guía práctica para usuarios |
| 500 ## - NOTA GENERAL |
| Nota general |
CD: guía práctica para usuarios incluye : Microsoft Internet Explorer 5; Netscape communicator |
| 590 ## - NOTA LOCAL (RLIN) |
| Nota local |
BATCH-UPD |
| Procedencia (VM) [OBSOLETO] |
10 |
| Condición del los carretes individuales (VM) [OBSOLETO] |
20130110 |
| 590 ## - NOTA LOCAL (RLIN) |
| Nota local |
BATCH-UPD |
| Procedencia (VM) [OBSOLETO] |
10 |
| Condición del los carretes individuales (VM) [OBSOLETO] |
20130110 |
| 590 ## - NOTA LOCAL (RLIN) |
| Nota local |
BATCH-UPD |
| Procedencia (VM) [OBSOLETO] |
10 |
| Condición del los carretes individuales (VM) [OBSOLETO] |
20130410 |
| 590 ## - NOTA LOCAL (RLIN) |
| Nota local |
BATCH-UPD |
| Procedencia (VM) [OBSOLETO] |
10 |
| Condición del los carretes individuales (VM) [OBSOLETO] |
20130410 |
| 590 ## - NOTA LOCAL (RLIN) |
| Nota local |
BATCH-UPD |
| Procedencia (VM) [OBSOLETO] |
10 |
| Condición del los carretes individuales (VM) [OBSOLETO] |
20130914 |
| 590 ## - NOTA LOCAL (RLIN) |
| Nota local |
CONVERSION |
| Procedencia (VM) [OBSOLETO] |
10 |
| Condición del los carretes individuales (VM) [OBSOLETO] |
20130109 |
| 650 14 - PUNTO DE ACCESO ADICIONAL DE MATERIA--TÉRMINO DE MATERIA |
| Término de materia o nombre geográfico como elemento de entrada |
Excel. |
| 9 (RLIN) |
39029 |
| 650 14 - PUNTO DE ACCESO ADICIONAL DE MATERIA--TÉRMINO DE MATERIA |
| Término de materia o nombre geográfico como elemento de entrada |
Hojas de cálculo electrónico. |
| 9 (RLIN) |
55866 |
| 650 14 - PUNTO DE ACCESO ADICIONAL DE MATERIA--TÉRMINO DE MATERIA |
| Término de materia o nombre geográfico como elemento de entrada |
Procesamiento automático de datos en finanzas. |
| 9 (RLIN) |
91777 |
| 700 0# - PUNTO DE ACCESO ADICIONAL--NOMBRE DE PERSONA |
| Nombre de persona |
Rial, Kiko. |
| 9 (RLIN) |
97178 |
| 830 00 - PUNTO DE ACCESO ADICIONAL DE SERIE-TÍTULO UNIFORME |
| Título uniforme |
Guía práctica para usuarios |
| 9 (RLIN) |
51497 |
| 901 ## - ELEMENTOS DE DATOS A LOCAL LDA (RLIN) |
| a |
BK |
| 905 ## - ELEMENTOS DE DATOS E LOCAL, LDE (RLIN) |
| a |
Lilia |
| 942 ## - ELEMENTOS DE PUNTO DE ACCESO ADICIONAL (KOHA) |
| Tipo de ítem Koha |
CD |
| Fuente del sistema de clasificación o colocación |
Dewey Decimal Classification |
| 949 ## - PROCESAMIENTO DE INFORMACIÓN LOCAL (OCLC) |
| a |
001.6424 G3 |
| b |
BC |
| c |
CD |
| d |
33724002026157 |
| e |
CD |
| f |
CD |
| g |
I.c/e |
| i |
101873 |
| m |
Incluye un CD con ejercicios y material complementario |
| s |
b |
| 949 ## - PROCESAMIENTO DE INFORMACIÓN LOCAL (OCLC) |
| a |
001.6424 G3 |
| b |
BC |
| c |
CD |
| d |
33724002026199 |
| e |
CD |
| f |
c.2 CD |
| g |
I.c/e |
| i |
101873 |
| m |
Incluye un CD con ejercicios y material complementario |
| s |
b |
| 949 ## - PROCESAMIENTO DE INFORMACIÓN LOCAL (OCLC) |
| a |
001.6424 G3 |
| b |
BC |
| c |
CD |
| d |
33724002026231 |
| e |
CD |
| f |
c.3 CD |
| g |
I.c/e |
| i |
101873 |
| s |
b |
| 949 ## - PROCESAMIENTO DE INFORMACIÓN LOCAL (OCLC) |
| a |
001.6424 G3 |
| b |
BC |
| c |
LIBRO |
| d |
33724000951000 |
| e |
LIBRO |
| f |
c.3 |
| g |
I.c/e |
| h |
105838 |
| i |
101873 |
| m |
Incluye un CD con ejercicios y material complementario |
| s |
i |
| t |
$174.00 |
| 949 ## - PROCESAMIENTO DE INFORMACIÓN LOCAL (OCLC) |
| a |
001.6424 G3 |
| b |
BC |
| c |
LIBRO |
| d |
33724000951067 |
| e |
LIBRO |
| f |
c.2 |
| g |
I.c/e |
| h |
105837 |
| i |
101873 |
| m |
Incluye un CD con ejercicios y material complementario |
| s |
i |
| t |
$174.00 |
| 949 ## - PROCESAMIENTO DE INFORMACIÓN LOCAL (OCLC) |
| a |
001.6424 G3 |
| b |
BC |
| c |
LIBRO |
| d |
33724000951125 |
| e |
LIBRO |
| g |
I.c/e |
| h |
105836 |
| i |
101873 |
| m |
Incluye un CD con ejercicios y material complementario |
| s |
i |
| t |
$174.00 |